Euro versus koruna rizika a přínosy jednotné evropské měny pro ČR

Gespeichert in:
Bibliographische Detailangaben
Weitere Verfasser: Pečinková, Ivana
Format: Buch
Sprache:Tschechisch
Veröffentlicht: Brno Centrum pro studium demokracie a kultury 2008
Ausgabe:2. rozšíř. vyd.
Schlagworte:
Tags: Tag hinzufügen
Keine Tags, Fügen Sie das erste Tag hinzu!

MARC

LEADER 00000nam$a2200000$$$4500
001 0094915
005 20240315114434.2
020 |a 978-80-7325-138-3 
041 0 |a cze 
044 |a CZ 
245 1 0 |a Euro versus koruna  |b rizika a přínosy jednotné evropské měny pro ČR  |c Ivana Pečinková (ed.) 
250 |a 2. rozšíř. vyd. 
264 1 |a Brno  |b Centrum pro studium demokracie a kultury  |c 2008 
300 |a 215 s. 
610 2 0 |a mena 
610 2 0 |a politika menová 
610 2 0 |a euro 
610 2 0 |a eurozóna 
610 2 0 |a koruna 
610 2 0 |a riziko 
610 2 0 |a Česko 
610 2 0 |a Európa 
700 1 |a Pečinková, Ivana